[Event "Match"]
[Site "www.echecsemail.com"]
[Date "2015.07.20"]
[Round "1"]
[White "Gimmyg"]
[Black "Ericleo1980"]
[WhiteElo "2260"]
[BlackElo "1809"]
[Result "1-0"]
[Round "1"]
1.Ng1f3 d5
2.c4 c6
3.e3 Ng8f6
4.Nb1c3 e6
5.d4 Nb8d7
6.Bc1d2 b6
7.cxd5 cxd5
8.Bf1d3 Bc8b7
9.O-O Bf8d6
10.Rf1e1 Ra8c8
11.Nc3b5 Bd6b8
12.Bd2b4 Nd7f8
13.Qd1a4 Bb7c6
14.Nf3e5 Bb8xe5
15.dxe5 Nf6g8
16.Ra1c1 Ng8e7
17.Bb4xe7 Qd8xe7
18.Nb5d6 Qe7xd6
19.exd6 Bc6xa4
20.Rc1xc8 Kd7
21.Rc8c7 Kxd6
22.Rc7xf7 g5
23.Rf7xa7 Ba4c6
24.Re1c1 Nf8d7
25.a4 Nd7c5
26.Bd3b5 Bc6a8
27.b4 Nc5e4
28.f4 gxf4
29.exf4 Ne4f6
30.Rc1c7 e5
31.f5 e4
32.Rc7e7 h5
33.Re7e6 { resign }
1-0

[Event "Match"]
[Site "www.echecsemail.com"]
[Date "2015.07.20"]
[Round "1"]
[White "Azorau"]
[Black "Chtoubidou"]
[WhiteElo "1529"]
[BlackElo "1870"]
[Result "0-1"]
[Round "1"]
1.e4 d5
2.exd5 Ng8f6
3.Bf1b5 Bc8d7
4.Bb5xd7 Qd8xd7
5.Ng1f3 Nf6xd5
6.Nf3e5 Qd7e6
7.d4 f6
8.Qd1f3 fxe5
9.O-O e4
10.Qf3b3 Qe6c6
11.c4 Nd5f6
12.d5 Qc6b6
13.Qb3a4 Nb8d7
14.b4 a5
15.a3 Qb6d4
16.Ra1a2 Qd4xc4
17.Ra2c2 Qc4xd5
18.Rc2d2 Qd5c6
19.Qa4b3 a4
20.Qb3b2 e6
21.Rd2c2 Qc6d6
22.Rc2d2 Qd6e5
23.Qb2c2 Bf8d6
24.g3 O-O
25.Rd2e2 Qe5h5
26.Nb1c3 Nf6g4
27.h4 e3
28.Bc1xe3 Ng4xe3
29.fxe3 Rf8xf1
30.Kxf1 Bd6xg3
31.Re2g2 Ra8f8
32.Kg1 Qh5xh4
33.Nc3e4 Bg3d6
34.Qc2c3 Bd6e5
35.Qc3d3 Qh4e1
{ resign }
0-1

[Event "Match"]
[Site "www.echecsemail.com"]
[Date "2015.07.20"]
[Round "1"]
[White "Orae"]
[Black "Silent1"]
[WhiteElo "1969"]
[BlackElo "1960"]
[Result "1/2-1/2"]
[Round "1"]
1.e4 e5
2.Ng1f3 d6
3.Bf1c4 Bf8e7
4.Nb1c3 Ng8f6
5.Nf3g5 O-O
6.d3 Nb8c6
7.Ng5f3 Bc8g4
8.h3 Bg4d7
9.Bc1e3 Qd8c8
10.Qd1d2 Bd7e6
11.Bc4xe6 Qc8xe6
12.Nf3g5 Qe6d7
13.h4 Nc6d8
14.Rh1h3 Nf6g4
15.Rh3g3 Ng4xe3
16.Qd2xe3 Be7xg5
17.Qe3xg5 f6
18.Qg5h5 Qd7f7
19.Qh5g4 g6
20.O-O-O Qf7e6
21.Nc3d5 Qe6xg4
22.Rg3xg4 Nd8e6
23.h5 g5
24.Nd5e7 Kf7
25.Ne7f5 Ne6f4
26.Nf5h6 Kg7
27.Nh6f5 Kf7
28.Nf5h6 Kg7
{ draw }
1/2-1/2

[Event "Match"]
[Site "www.echecsemail.com"]
[Date "2015.07.20"]
[Round "1"]
[White "Supernovae"]
[Black "Orae"]
[WhiteElo "1970"]
[BlackElo "1969"]
[Result "0-1"]
[Round "1"]
1.c4 e5
2.Nb1c3 Ng8f6
3.Ng1f3 Nf6g4
4.d4 exd4
5.Nf3xd4 Bf8b4
6.Bc1d2 Bb4c5
7.e3 d6
8.Bf1e2 Ng4f6
9.O-O Nb8c6
10.Nd4xc6 bxc6
11.Nc3a4 Nf6e4
12.Be2f3 Bc8f5
13.Na4xc5 dxc5
14.Bd2a5 O-O
15.Qd1xd8 Ra8xd8
16.Ba5xc7 Rd8d2
17.b3 Ne4c3
18.a3 Bf5e4
19.Bf3xe4 Nc3xe4
 { time }
0-1

[Event "Match"]
[Site "www.echecsemail.com"]
[Date "2015.07.20"]
[Round "1"]
[White "Orae"]
[Black "Pellix84"]
[WhiteElo "1969"]
[BlackElo "1930"]
[Result "0-1"]
[Round "1"]
1.e4 c6
2.Ng1f3 d5
3.Nb1c3 dxe4
4.Nc3xe4 Bc8f5
5.Ne4g5 Bf5g6
6.Bf1c4 e6
7.d3 Ng8f6
8.O-O Bf8d6
9.Rf1e1 O-O
10.Bc4xe6 h6
11.Ng5h3 fxe6
12.Re1xe6 Bg6f7
13.Re6e1 Qd8b6
14.b3 Nb8d7
15.Bc1e3 Qb6c7
16.g3 Nf6d5
17.Nf3h4 Bf7e6
18.Nh3f4 Nd5xf4
19.gxf4 Bd6xf4
20.Nh4f3 Be6g4
21.Kh1 Bf4xh2
22.Kg2 Bg4xf3
23.Qd1xf3 Rf8xf3
24.Kxf3 Ra8f8
25.Ke2 Bh2f4
26.Be3xa7 Qc7e5
27.Kf1 Qe5c3
28.a4 Qc3xc2
29.Re1e2 Qc2xd3
30.Ra1e1 Qd3h3
31.Kg1 Qh3h2
32.Kf1 Qh2h1

0-1

[Event "Match"]
[Site "www.echecsemail.com"]
[Date "2015.07.20"]
[Round "1"]
[White "Fkarpov"]
[Black "Jafarhayder"]
[WhiteElo "2000"]
[BlackElo "1250"]
[Result "1-0"]
[Round "1"]
1.e4 e6
2.d4 d5
3.e5 c5
4.Ng1f3 Qd8b6
5.c3 Nb8c6
6.Bf1e2 Ng8h6
7.O-O Nh6f5
8.Nb1a3 a6
9.Ra1b1 cxd4
10.g4 Nf5h6
11.Bc1xh6 gxh6
12.cxd4 Rh8g8
13.h3 h5
14.g5 h6
15.Qd1d2 hxg5
16.Nf3xg5 Bf8h6
17.h4 Qb6xd4
18.Qd2xd4 Nc6xd4
19.Rb1e1 Bh6xg5
20.hxg5 Rg8xg5
21.Kh1 Rg5xe5
22.Be2b5 Nd4xb5
23.Re1xe5 Nb5xa3
24.bxa3 Bc8d7
25.Re5xh5 Ke7
26.Rf1e1 Bd7c6
27.f4 Ra8g8
28.Kh2 Bc6b5
29.Rh5xd5 Rg8h8
30.Kg3 Rh8g8
31.Kh4  { time }
1-0

[Event "Match"]
[Site "www.echecsemail.com"]
[Date "2015.07.20"]
[Round "1"]
[White "Raulazo"]
[Black "Irene"]
[WhiteElo "1889"]
[BlackElo "1970"]
[Result "1-0"]
[Round "1"]
1.e4 e5
2.Ng1f3 d6
3.h3 Ng8f6
4.Nb1c3 g6
5.d4 exd4
6.Nf3xd4 Bf8g7
7.Bc1g5 Qd8e7
8.Nc3d5 Qe7xe4
9.Nd5e3 Nf6d7
10.Nd4b5 Qe4c6
11.Qd1e2 O-O
12.c3 Nd7f6
13.Nb5d4 Qc6b6
14.b4 Rf8e8
15.Ra1d1 Bc8d7
{ time. }
1-0

[Event "Match"]
[Site "www.echecsemail.com"]
[Date "2015.07.20"]
[Round "1"]
[White "Ericleo1980"]
[Black "Raulazo"]
[WhiteElo "1809"]
[BlackElo "1889"]
[Result "1-0"]
[Round "1"]
1.e4 e5
2.Ng1f3 Nb8c6
3.Bf1b5 Nc6d4
4.Nf3xd4 exd4
5.d3 c6
6.Bb5c4 Ng8f6
7.a4 Bf8b4
8.c3 Bb4a5
9.b4 Ba5c7
10.cxd4 Bc7b6
11.Bc1b2 O-O
12.a5 Rf8e8
13.axb6 Qd8xb6
14.O-O d6
15.Bb2c3 d5
16.e5 Nf6g4
17.Bc4b3 Qb6c7
18.Bc3d2 f6
19.h3 Ng4xe5
20.dxe5 Qc7xe5
21.Bd2c3 Qe5g5
22.Qd1f3 Bc8e6
23.Rf1e1 d4
24.Re1xe6 Kh8
25.Re6xe8 Ra8xe8
26.Bc3xd4 Qg5c1
27.Kh2 Qc1g5
28.Ra1xa7 Re8b8
29.Nb1c3 Qg5h4
30.Qf3g3 Qh4xg3
31.Kxg3 b5
32.Nc3e4 h5
33.Ne4xf6 Rb8d8
34.Ra7d7 Rd8f8
35.Nf6xh5 Kh7
36.Rd7xg7 Kh6
37.Bd4e3 Kxh5
38.Bb3d1 Rf8f3
39.Bd1xf3 
1-0

[Event "Match"]
[Site "www.echecsemail.com"]
[Date "2015.07.20"]
[Round "1"]
[White "Paco"]
[Black "Kesalon"]
[WhiteElo "1850"]
[BlackElo "1830"]
[Result "0-1"]
[Round "1"]
1.e4 e5
2.Ng1f3 Nb8c6
3.Bf1c4 Bf8c5
4.d3 Ng8f6
5.Nf3g5 O-O
6.Nb1c3 d6
7.O-O h6
8.Ng5f3 Bc8g4
9.h3 Bg4h5
10.a3 Nc6d4
11.g4 Bh5g6
12.Nf3xd4 Bc5xd4
13.h4 Qd8d7
14.h5 Bg6h7
15.Qd1f3 Qd7xg4
16.Qf3xg4 Nf6xg4
17.Nc3d5 c6
18.Nd5e7 Kh8
19.c3 Bd4b6
20.a4 Ra8e8
21.Ne7f5 Bh7xf5
22.exf5 Ng4f6
23.b4 a5
24.Bc1a3 Re8d8
25.bxa5 Bb6xa5
26.Ba3b4 Ba5xb4
27.cxb4 Nf6xh5
28.b5 d5
29.Bc4b3 Nh5f4
30.bxc6 bxc6
31.Bb3c2 Rd8b8
32.a5 Rb8a8
33.Rf1b1 Nf4e2
34.Kf1 Ne2d4
35.Rb1b6 Nd4xc2
36.Ra1a2 Nc2d4
37.a6 Rf8c8
38.Rb6b7 f6
39.a7 Nd4b5
40.Rb7b8 Rc8xb8
41.axb8Q Ra8xb8
42.Ra2a5 Nb5d4
43.Kg2 Nd4xf5
44.Ra5c5 Nf5d4
45.f3 Rb8b3
{ resign }
0-1

[Event "Match"]
[Site "www.echecsemail.com"]
[Date "2015.07.20"]
[Round "1"]
[White "Ztornad"]
[Black "Carloswhizz"]
[WhiteElo "1750"]
[BlackElo "1780"]
[Result "0-1"]
[Round "1"]
1.e4 d5
2.e5 Nb8c6
3.Qd1e2 e6
4.Nb1c3 Bf8e7
5.Ng1f3 Bc8d7
6.g3 Ng8h6
7.a3 Nh6f5
8.d4 O-O
9.Bf1h3 Nf5xd4
10.Nf3xd4 f6
11.Bh3xe6 Kh8
12.h4 Nc6xd4
13.Qe2d3 Nd4xe6
14.Nc3xd5 Ne6c5
15.Qd3e3 c6
16.Nd5c3 Nc5e6
17.Nc3e4 Qd8a5
18.Bc1d2 Qa5xe5
19.Bd2c3 Qe5b5
20.Ra1d1 Ra8d8
21.b4 f5
22.Ne4c5 Ne6xc5
23.Bc3xg7 Kxg7
24.Qe3e5 Kf7
25.Rd1d4 Nc5e4
26.Qe5f4 a5
27.Rd4xe4 axb4
28.Re4xe7 Kxe7
29.c4 Qb5a4
30.Qf4e3 Kd6
31.Qe3d2 Kc7
32.Qd2f4 Kc8
33.axb4 Qa4a1
34.Ke2 Qa1xh1
35.Ke3 Qh1e4
36.Qf4xe4 fxe4
37.c5 Rd8e8
38.Kd4 Rf8xf2
39.Ke3 Rf2f3
40.Ke2 Rf3xg3
41.h5 Bd7g4
42.Kf2 Rg3f3
43.Ke1 e3
44.h6 e2
45.b5 Rf3f1
46.Kd2 e1Q
47.Kd3 Qe1e2
48.Kd4 Re8d8
49.Kc3 Qe2d3
50.Kb4 Rd8d4
51.Ka5 Qd3c3
52.Kb6 Rf1c1
53.Ka7 Qc3xc5
{ resign }
0-1

[Event "Match"]
[Site "www.echecsemail.com"]
[Date "2015.07.20"]
[Round "1"]
[White "Oxycontin"]
[Black "F14"]
[WhiteElo "2100"]
[BlackElo "1880"]
[Result "1-0"]
[Round "1"]
1.Ng1f3 Ng8f6
2.g3 e6
3.Bf1g2 d5
4.d4 c5
5.c3 Nb8c6
6.O-O Bf8e7
7.Nb1d2 O-O
8.Rf1e1 cxd4
9.Nf3xd4 Qd8c7
10.e4 dxe4
11.Nd2xe4 Nc6xd4
12.cxd4 Nf6xe4
13.Bg2xe4 Bc8d7
14.Bc1f4 Qc7b6
15.Ra1b1 Be7f6
16.Bf4e3 Bd7c6
17.d5 Bc6a4
18.Qd1xa4 Qb6d6
19.Be3f4 e5
20.Bf4d2 Bf6e7
21.a3 b6
22.Bd2b4 Qd6d8
23.Bb4xe7 Qd8xe7
24.d6 Qe7xd6
25.Be4xa8 Rf8xa8
26.Rb1d1 Qd6e6
27.Qa4xa7 Ra8e8
28.Qa7c7 f6
29.Rd1d8 h6
30.Re1d1 Re8xd8
31.Rd1xd8 Kh7
32.Rd8d7 Qe6g8
33.Qc7xb6 Qg8c8
34.Qb6c7 { resign }
1-0

[Event "Match"]
[Site "www.echecsemail.com"]
[Date "2015.07.20"]
[Round "1"]
[White "Fkarpov"]
[Black "Ztornad"]
[WhiteElo "2000"]
[BlackElo "1740"]
[Result "1-0"]
[Round "1"]
1.e4 e5
2.Ng1f3 d6
3.h3 Ng8f6
4.Nb1c3 Nb8c6
5.Bf1b5 Bc8d7
6.d3 h6
7.d4 exd4
8.Nf3xd4 Nc6xd4
9.Bb5xd7 Qd8xd7
10.Qd1xd4 c5
11.Qd4e3 Bf8e7
12.Nc3d5 Nf6xd5
13.exd5 O-O
14.O-O Ra8e8
15.Qe3g3 f6
16.Bc1xh6 Rf8f7
17.Bh6e3 f5
18.Ra1e1 Be7f6
19.b3 a5
20.Re1e2 Bf6c3
21.Rf1d1 Bc3e5
22.Be3f4 Be5xf4
23.Re2xe8 Qd7xe8
24.Qg3xf4 Qe8b8
25.c4 Qb8c7
26.Rd1e1 Rf7e7
27.Re1xe7 Qc7xe7
28.Qf4e3 Qe7xe3
29.fxe3 g5
30.Kf2 Kg7
31.Kf3 Kf6
32.g4 fxg4
33.Kxg4 b6
34.e4 Kg6
35.h4 gxh4
36.Kxh4 Kf6
37.Kg4 Ke5
38.Kf3 Kd4
39.Kf4 a4
40.Kf5 axb3
41.axb3 Kc3
42.Ke6 Kxb3
43.Kxd6 b5
44.cxb5 c4
45.b6 c3
46.b7 c2
47.b8Q Kc3
48.Qb8c7 Kd2
49.Qc7xc2 Kxc2
50.e5 Kd3
51.e6 Kd4
52.e7 Kc4
{ time. }
1-0

[Event "Match"]
[Site "www.echecsemail.com"]
[Date "2015.07.20"]
[Round "1"]
[White "Pariolinius"]
[Black "Marandlen"]
[WhiteElo "1790"]
[BlackElo "1499"]
[Result "0-1"]
[Round "1"]
1.e4 c5
2.Ng1f3 e6
3.d4 cxd4
4.Nf3xd4 d5
5.e5 Nb8c6
6.Bf1b5 Bc8d7
7.Nb1c3 Nc6xe5
8.O-O Ng8f6
9.Bc1g5 Bf8e7
10.Bg5f4 Ne5g6
11.Bf4g3 O-O
12.Bb5d3 a6
13.Qd1d2 Qd8b6
14.Ra1b1 Qb6xd4
15.Rf1e1 Bd7c6
16.Nc3e2 Qd4b6
17.a3 Ra8d8
18.Qd2c1 Nf6e4
19.b3 Ne4xg3
20.Ne2xg3 Be7c5
21.Re1f1 e5
22.b4 Bc5d6
23.Ng3f5 e4
24.Bd3e2 Bd6e5
25.Rf1d1 Ng6f4
26.Be2g4 Qb6c7
27.Nf5d4 Be5xd4
28.Rd1xd4 f5
29.Bg4d1 Nf4e6
30.Rd4d2 d4
31.Rd2e2 Ne6f4
32.Re2e1 d3
33.Qc1e3 d2
34.Re1f1 Bc6b5
35.Qe3b3 Qc7c4
36.Qb3xc4 Bb5xc4
37.f3 e3
{ resign }
0-1

[Event "Match"]
[Site "www.echecsemail.com"]
[Date "2015.07.20"]
[Round "1"]
[White "Castletyme"]
[Black "Ztornad"]
[WhiteElo "1890"]
[BlackElo "1780"]
[Result "1-0"]
[Round "1"]
1.e4 e5
2.Ng1f3 d6
3.d3 h6
4.Nb1c3 Bc8g4
5.Bf1e2 Nb8c6
6.O-O Nc6d4
7.Nf3xd4 Bg4xe2
8.Nd4xe2 Bf8e7
9.Nc3d5 Be7f8
10.Ne2g3 Ng8f6
11.Nd5xf6 gxf6
12.Ng3f5 h5
13.d4 d5
{ time. }
1-0

[Event "Match"]
[Site "www.echecsemail.com"]
[Date "2015.07.20"]
[Round "1"]
[White "Raulazo"]
[Black "Gilliere"]
[WhiteElo "1889"]
[BlackElo "1790"]
[Result "0-1"]
[Round "1"]
1.e4 e5
2.Ng1f3 d6
3.d4 exd4
4.Nf3xd4 h6
5.Bf1c4 Ng8f6
6.O-O Nb8d7
7.c3 Bf8e7
8.Nd4f5 O-O
9.Qd1f3 Nd7e5
10.Qf3e2 Ne5xc4
11.Qe2xc4 Bc8e6
12.Qc4e2 Be6xf5
13.exf5 Rf8e8
14.Bc1e3 Be7f8
15.Nb1d2 Nf6d5
16.c4 Nd5f4
17.Qe2f3 Nf4d3
18.Be3xh6 gxh6
19.Qf3xd3 Bf8g7
20.Ra1b1 Qd8f6
21.Nd2e4 Qf6xf5
22.Rf1e1 Re8e7
23.f3 Ra8e8
24.g4 Qf5g6
25.b4 c6
26.Rb1b2 Bg7xb2
27.h4 Re7xe4
28.fxe4 Qg6xg4
29.Kh1 Qg4xh4
30.Kg2 Qh4xe1
31.Kf3 Qe1xe4
32.Qd3xe4 Re8xe4
33.Kxe4 Kg7
{ resign }
0-1

[Event "Match"]
[Site "www.echecsemail.com"]
[Date "2015.07.20"]
[Round "1"]
[White "Derfel83"]
[Black "Pellix84"]
[WhiteElo "1890"]
[BlackElo "1930"]
[Result "0-1"]
[Round "1"]
1.e4 c6
2.d4 d5
3.Nb1c3 dxe4
4.Nc3xe4 Bc8f5
5.Ne4c5 Qd8b6
6.b3 e6
7.Bc1b2 Ng8f6
8.h3 Nb8d7
9.Nc5a4 Bf8b4
10.c3 Qb6a5
11.cxb4 Qa5xb4
12.Bb2c3 Qb4d6
13.Bf1d3 Nf6e4
14.Ng1e2 b5
15.Na4b2 Ne4xc3
16.Ne2xc3 Qd6xd4
17.Qd1d2 Qd4e5
18.Kf1 Ra8d8
19.Ra1e1 Qe5f6
20.Nc3e4 Qf6e7
21.Ne4g3 Bf5g6
22.Qd2e3 Nd7b6
23.Ng3f5 Rd8xd3
24.Qe3xd3 Bg6xf5
25.Qd3g3 O-O
26.Qg3c3 Qe7a3
27.g4 Bf5g6
28.Ke2 Nb6d5
29.Qc3e5 b4
30.Re1a1 Nd5c3
{ resign }
0-1

[Event "Match"]
[Site "www.echecsemail.com"]
[Date "2015.07.20"]
[Round "1"]
[White "Drigg"]
[Black "Liencam2"]
[WhiteElo "1299"]
[BlackElo "2280"]
[Result "0-1"]
[Round "1"]
1.e4 c5
2.d3 e6
3.c4 Qd8c7
4.Nb1c3 Ng8f6
5.g3 a6
6.Bc1f4 d6
7.e5 dxe5
8.Bf4g5 Bf8e7
9.a4 Nb8c6
10.Ng1f3 O-O
11.Bf1h3 b6
12.Nc3e2 Bc8b7
13.Nf3d2 Ra8d8
14.Ra1a3 Nc6b4
15.Qd1b1 Rd8d7
16.Ra3b3 { time. }
0-1

[Event "Match"]
[Site "www.echecsemail.com"]
[Date "2015.07.20"]
[Round "1"]
[White "Pariolinius"]
[Black "Raulazo"]
[WhiteElo "1790"]
[BlackElo "1889"]
[Result "1-0"]
[Round "1"]
1.d4 d5
2.Bc1f4 Nb8c6
3.Ng1f3 Bc8f5
4.e3 Nc6b4
5.Bf1b5 c6
6.Bb5a4 Qd8a5
7.Nb1c3 Ng8f6
8.O-O b5
9.Ba4b3 g6
10.a3 Nb4a6
11.Nf3e5 Na6b8
12.Nc3a2 Bf8g7
13.Na2b4 Nf6e4
14.c3 Bg7xe5
15.Bf4xe5 f6
16.Be5xb8 c5
17.Nb4c6 Qa5b6
18.Bb3xd5 Ra8xb8
19.Nc6xb8 Qb6xb8
20.Bd5c6 Kf7
21.Bc6d5 e6
22.Bd5a2 h5
23.Qd1e2 h4
24.h3 Qb8c8
25.Qe2xb5 cxd4
26.cxd4 Ne4d6
27.Qb5b4 Qc8c6
28.Ra1c1 Qc6d5
29.Ba2xd5 Bf5d3
30.Rc1c7 Kf8
31.Qb4xd6 { resign }
1-0

[Event "Match"]
[Site "www.echecsemail.com"]
[Date "2015.07.20"]
[Round "1"]
[White "Wagner"]
[Black "Pinehill"]
[WhiteElo "1660"]
[BlackElo "1820"]
[Result "0-1"]
[Round "1"]
1.e4 d5
2.e5 c5
3.Bf1b5 Nb8c6
4.d3 Bc8f5
5.Bc1f4 e6
6.Ng1f3 a6
7.Bb5xc6 bxc6
8.Nf3g5 h6
9.Ng5f3 Bf8e7
10.h3 g5
11.Bf4d2 Qd8b6
12.b3 f6
13.Nb1c3 fxe5
14.Nf3xe5 Ng8f6
15.g4 Qb6c7
16.Qd1e2 Bf5h7
17.Ne5f3 Qc7d7
18.h4 Nf6xg4
19.hxg5 hxg5
20.Rh1g1 Bh7f5
21.d4 Be7d6
22.Bd2xg5 Kf7
23.dxc5 Bd6c7
24.O-O-O Rh8h3
25.Rg1h1 Ra8h8
26.Rh1g1 e5
27.Bg5e3 Ng4f6
28.Nf3g5 Ke7
29.Be3f4 Rh3xc3
30.Rd1d2 e4
31.Bf4xc7 Qd7xc7
32.Qe2e1 Qc7a5
33.Kb2 Qa5xc5
34.Ng5f3 Rc3xf3
35.Kc1 Nf6g4
36.Kb2 Qc5c3
37.Kc1 Qc3a1
{ resign }
0-1

[Event "Match"]
[Site "www.echecsemail.com"]
[Date "2015.07.20"]
[Round "1"]
[White "Raulazo"]
[Black "Ditto"]
[WhiteElo "1889"]
[BlackElo "1820"]
[Result "1-0"]
[Round "1"]
1.e4 c5
2.Ng1f3 e6
3.d4 Ng8f6
4.Nb1c3 d5
5.Bc1g5 Nb8d7
6.e5 h6
7.Bg5xf6 Nd7xf6
8.exf6 Qd8xf6
9.Bf1b5 Kd8
10.O-O c4
11.b3 Bf8d6
12.bxc4 dxc4
13.Nc3e4 Qf6e7
14.Bb5xc4 Bc8d7
15.Ne4xd6 Qe7xd6
16.Nf3e5 Qd6e7
{ time. }
1-0

[Event "Match"]
[Site "www.echecsemail.com"]
[Date "2015.07.20"]
[Round "1"]
[White "Shoemaker136"]
[Black "Bbking"]
[WhiteElo "999"]
[BlackElo "1530"]
[Result "0-1"]
[Round "1"]
1.g3 e5
2.Bf1g2 d5
3.d4 Nb8c6
4.dxe5 Nc6xe5
5.Bg2xd5 Ng8f6
6.Nb1c3 Bf8b4
7.a3 Bb4xc3
8.bxc3 O-O
9.Bc1g5 h6
10.Bd5b3 hxg5
11.f4 gxf4
12.gxf4 Qd8xd1
13.Ra1xd1 Ne5c6
14.Ng1f3 Bc8g4
15.Nf3d4 Nc6xd4
 { time }
0-1

[Event "Match"]
[Site "www.echecsemail.com"]
[Date "2015.07.20"]
[Round "1"]
[White "Kollipaa"]
[Black "Haukia"]
[WhiteElo "2000"]
[BlackElo "2220"]
[Result "0-1"]
[Round "1"]
1.e4 e5
2.Ng1f3 Ng8f6
3.d3 Nb8c6
4.Bf1e2 d5
5.exd5 Nf6xd5
6.Nb1d2 Bf8e7
7.Nd2f1 O-O
8.Nf1g3 Nd5f4
9.Bc1xf4 exf4
10.Ng3e4 f5
11.Ne4d2 g5
12.h3 Nc6d4
13.Nf3xd4 Qd8xd4
14.c3 Qd4g7
15.Qd1a4 c6
16.Qa4b3 Qg7f7
17.Qb3xf7 Rf8xf7
18.d4 Bc8e6
19.Nd2c4 Rf7g7
20.Nc4e5 c5
21.dxc5 Be7xc5
22.O-O g4
23.hxg4 fxg4
24.Be2c4 Be6xc4
25.Ne5xc4 g3
26.Nc4d2 Ra8e8
27.b4 Bc5xf2
28.Rf1xf2 gxf2
29.Kxf2 Re8e3
30.Ra1c1 Re3g3
31.Rc1g1 Rg3xc3
32.Nd2e4 Rc3c2
33.Kf3 Rc2xa2
34.Ne4f6 Kf7
35.Nf6h5 Rg7g5
36.Nh5xf4 Ra2b2
37.Rg1a1 a6
38.Ra1c1 Rb2xb4
39.Rc1c7 Kf6
40.Rc7xh7 Rg5f5
41.Rh7h4 Rb4xf4
42.Rh4xf4 Rf5xf4
43.Kxf4 b5
44.Ke4 b4
45.Kd3 a5
{ resign }
0-1

[Event "Match"]
[Site "www.echecsemail.com"]
[Date "2015.07.20"]
[Round "1"]
[White "Powerchess"]
[Black "Nugun"]
[WhiteElo "1460"]
[BlackElo "1620"]
[Result "0-1"]
[Round "1"]
1.d4 d5
2.Ng1f3 Ng8f6
3.Bc1f4 Nb8d7
4.e3 Nd7b6
5.h3 c6
6.Nb1d2 e6
7.a3 Nf6d7
8.Bf1d3 c5
9.dxc5 Bf8xc5
10.O-O O-O
11.Nd2b3 f6
12.Nb3xc5 Nd7xc5
13.b4 Nc5xd3
14.Qd1xd3 Nb6c4
15.Bf4g3 e5
16.e4 Bc8e6
17.exd5 Be6xd5
18.Rf1d1 Nc4b2
19.Qd3xd5 Qd8xd5
{ resign }
0-1

[Event "Match"]
[Site "www.echecsemail.com"]
[Date "2015.07.20"]
[Round "1"]
[White "Paco"]
[Black "Powerchess"]
[WhiteElo "1850"]
[BlackElo "1460"]
[Result "1-0"]
[Round "1"]
1.e4 e5
2.Ng1f3 Nb8c6
3.Bf1c4 Bf8c5
4.d3 Ng8f6
5.Nf3g5 O-O
6.Nb1c3 d6
7.Nc3d5 Nc6d4
8.c3 Nd4e6
9.Nd5xf6 Qd8xf6
10.O-O Ne6xg5
11.Qd1h5 h6
12.b4 { resign }
1-0

[Event "Match"]
[Site "www.echecsemail.com"]
[Date "2015.07.20"]
[Round "1"]
[White "Llord"]
[Black "Powerchess"]
[WhiteElo "1790"]
[BlackElo "1460"]
[Result "1-0"]
[Round "1"]
1.e4 e5
2.Ng1f3 d6
3.Nb1c3 Nb8c6
4.Bf1b5 Bc8d7
5.O-O Ng8f6
6.d3 Bf8e7
7.Nc3d5 O-O
8.Nd5xe7 Nc6xe7
9.Bb5xd7 Qd8xd7
10.Bc1g5 Ne7g6
11.Bg5xf6 gxf6
12.g3 Qd7h3
13.Kh1 Kh8
14.Nf3g1 Qh3e6
15.Ng1f3 Kg7
16.d4 d5
17.exd5 Qe6xd5
18.c4 Qd5d7
19.d5 c6
20.dxc6 Qd7xc6
21.b3 Rf8d8
22.Qd1c2 e4
23.Nf3h4 e3
24.Kg1 { time. }
1-0

[Event "Match"]
[Site "www.echecsemail.com"]
[Date "2015.07.20"]
[Round "1"]
[White "Hrob71"]
[Black "Generalfree"]
[WhiteElo "2060"]
[BlackElo "1770"]
[Result "1-0"]
[Round "1"]
1.e4 e5
2.Ng1f3 Ng8f6
3.d4 Nf6xe4
4.Nf3xe5 Qd8e7
5.Bf1d3 Qe7b4
6.c3 Qb4a5
7.O-O f5
8.Qd1h5 Ke7
9.Qh5f7 Kd8
10.Bd3xe4 h6
11.Be4xf5 d6
12.Ne5g6 Qa5xf5
13.Qf7xf5 Bc8xf5
14.Ng6xh8 Nb8c6
15.Bc1e3 Kd7
16.Nh8f7 Bf5g6
17.Nf7xd6 Bf8xd6
18.Nb1d2 Bg6d3
19.Rf1e1 g5
20.Nd2f1 Bd3xf1
21.Re1xf1 { resign }
1-0

[Event "Match"]
[Site "www.echecsemail.com"]
[Date "2015.07.20"]
[Round "1"]
[White "Stevep84"]
[Black "F14"]
[WhiteElo "2130"]
[BlackElo "1830"]
[Result "1-0"]
[Round "1"]
1.e4 e5
2.Ng1f3 Nb8c6
3.Bf1b5 Ng8f6
4.O-O Bf8e7
5.Rf1e1 d6
6.d4 Bc8d7
7.dxe5 Nc6xe5
8.Bb5xd7 Qd8xd7
9.Bc1f4 Ne5xf3
10.Qd1xf3 O-O
11.Nb1c3 Qd7c6
12.Qf3g3 Nf6h5
13.Qg3g4 Nh5xf4
14.Qg4xf4 Be7f6
15.Nc3d5 Bf6e5
16.Qf4d2 Qc6d7
17.c3 f5
18.Qd2g5 fxe4
19.Re1xe4 Rf8f7
20.Ra1e1 c6
21.Nd5b4 Ra8f8
22.f3 Qd7f5
23.Qg5xf5 Rf7xf5
24.Nb4d3 Rf8e8
25.f4 Kf7
26.fxe5 dxe5
27.Re4xe5 Rf5xe5
28.Re1xe5 Re8xe5
29.Nd3xe5 { resign }
1-0

[Event "Match"]
[Site "www.echecsemail.com"]
[Date "2015.07.20"]
[Round "1"]
[White "Pinehill"]
[Black "Gilliere"]
[WhiteElo "1820"]
[BlackElo "1820"]
[Result "1-0"]
[Round "1"]
1.e4 e5
2.d4 exd4
3.c3 dxc3
4.Bf1c4 cxb2
5.Bc1xb2 d5
6.exd5 Ng8f6
7.Ng1f3 Bf8c5
8.O-O O-O
9.Rf1e1 Bc8g4
10.Qd1b3 Bg4xf3
11.Qb3xf3 Nb8d7
12.Nb1d2 a6
13.Nd2e4 b5
14.Bc4b3 Nf6xe4
15.Re1xe4 Bc5d6
16.Ra1e1 f6
17.Qf3h3 Nd7c5
18.Re4h4 h6
19.Bb3c2 Qd8c8
20.Bc2f5 Qc8b7
21.Rh4xh6 gxh6
22.Qh3xh6 c6
23.Bb2xf6 Bd6xh2
24.Kxh2 Rf8xf6
25.Qh6xf6 Qb7c7
26.d6 Qc7g7
27.Bf5e6 Nc5xe6
28.Qf6xe6 Kh8
29.d7 Qg7h7
30.Kg1 Qh7g8
31.Qe6xg8 Ra8xg8
32.Re1e8 { resign }
1-0

[Event "Match"]
[Site "www.echecsemail.com"]
[Date "2015.07.20"]
[Round "1"]
[White "Drdoom"]
[Black "Pinehill"]
[WhiteElo "1660"]
[BlackElo "1820"]
[Result "1-0"]
[Round "1"]
1.d4 Ng8f6
2.Nb1c3 e6
3.a3 d5
4.Bc1g5 Nb8d7
5.e4 dxe4
6.Nc3xe4 Bf8e7
7.Ne4xf6 Nd7xf6
8.Ng1f3 c6
9.Bf1d3 O-O
10.O-O h6
11.Bg5xf6 Be7xf6
12.c3 Qd8b6
13.b4 a5
14.Rf1e1 Qb6c7
15.Qd1e2 Bc8d7
16.Ra1c1 axb4
17.axb4 b6
18.Qe2e4 g6
19.Qe4e3 Bf6g7
20.h3 Ra8a3
21.Nf3e5 Rf8a8
22.Qe3f4 Bd7e8
23.Re1e4 f5
24.Re4e1 g5
25.Qf4g3 f4
26.Qg3g4 Bg7xe5
27.Re1xe5 Be8f7
28.h4 Qc7e7
29.hxg5 hxg5
30.Re5xg5 Kf8
31.Qg4xf4 Ra3a1
32.Rg5g3 Ra1xc1
33.Qf4xc1 c5
34.Qc1h6 Ke8
35.Qh6h8 Qe7f8
36.Qh8xf8 Kxf8
37.dxc5 bxc5
38.bxc5 { resign }
1-0

[Event "Match"]
[Site "www.echecsemail.com"]
[Date "2015.07.20"]
[Round "1"]
[White "Gimmyg"]
[Black "Mknittel"]
[WhiteElo "2230"]
[BlackElo "1809"]
[Result "1-0"]
[Round "1"]
1.e4 e5
2.Ng1f3 Ng8f6
3.d3 Nb8c6
4.b3 Bf8c5
5.Nb1d2 Nf6g4
6.Qd1e2 Bc5xf2
7.Kd1 Bf2b6
8.Ke1 d6
9.Nd2c4 Bb6f2
10.Kd1 Nc6d4
11.Nf3xd4 Bf2xd4
12.Bc1b2 Ng4f2
13.Ke1 Bd4xb2
14.Nc4xb2 Nf2xh1
15.g3 h5
16.Qe2f3 h4
17.g4 Qd8g5
18.Bf1e2 Nh1g3
19.hxg3 h3
20.Kf2 Rh8h6
21.Qf3e3 Rh6f6
22.Be2f3 Qg5xg4
23.Nb2c4 Qg4h5
24.Nc4d2  { time }
1-0

[Event "Match"]
[Site "www.echecsemail.com"]
[Date "2015.07.20"]
[Round "1"]
[White "Andradamaria"]
[Black "Szustan"]
[WhiteElo "2249"]
[BlackElo "2590"]
[Result "0-1"]
[Round "1"]
1.d4 d5
2.c4 dxc4
3.Ng1f3 Ng8f6
4.Nb1c3 a6
5.a4 e6
6.e3 b6
7.Bf1xc4 Bc8b7
8.Bc4d3 c5
9.O-O Bf8e7
10.Qd1c2 Bb7xf3
11.gxf3 cxd4
12.exd4 Nb8c6
13.Bc1e3 Nc6b4
14.Qc2b1 O-O
15.Bd3e4 Ra8c8
16.Kh1 g6
17.Be4b7 Rc8c7
18.Bb7e4 Nf6d5
19.Nc3xd5 exd5
20.Be4d3 Be7d6
21.Be3d2 Qd8h4
22.f4 Rf8e8
23.Ra1a3 Nb4c6
{ resign }
0-1

[Event "Match"]
[Site "www.echecsemail.com"]
[Date "2015.07.20"]
[Round "1"]
[White "Witpar"]
[Black "Andradamaria"]
[WhiteElo "2650"]
[BlackElo "2249"]
[Result "1-0"]
[Round "1"]
1.d4 Ng8f6
2.c4 g6
3.Nb1c3 d5
4.Ng1f3 Bf8g7
5.Bc1g5 Nf6e4
6.Bg5h4 c5
7.cxd5 Ne4xc3
8.bxc3 O-O
9.e4 Qd8a5
10.Qd1d2 Rf8e8
11.Ra1b1 cxd4
12.cxd4 Qa5xd2
13.Kxd2 Bg7h6
14.Bh4g5 Bh6xg5
15.Nf3xg5 h6
16.Ng5f3 b6
17.Bf1b5 Bc8d7
18.Bb5c4  { time }
1-0

[Event "Match"]
[Site "www.echecsemail.com"]
[Date "2015.07.20"]
[Round "1"]
[White "Fred59"]
[Black "Fangshuo1"]
[WhiteElo "999"]
[BlackElo "1499"]
[Result "0-1"]
[Round "1"]
1.d4 d5
2.Ng1f3 c5
3.Bc1f4 Nb8c6
4.e3 Qd8b6
5.Nb1c3 e6
6.Nc3b5 e5
7.Nf3xe5 c4
8.Ne5xc4 dxc4
9.Nb5c7 Ke7
10.Nc7d5 Ke8
11.Nd5xb6 axb6
12.Bf1xc4 Ng8f6
13.O-O g6
14.c3 Bf8g7
15.Qd1b3 Ke7
16.Qb3xb6 Nf6e4
 { time }
0-1

[Event "Match"]
[Site "www.echecsemail.com"]
[Date "2015.07.20"]
[Round "1"]
[White "Fred59"]
[Black "Marandlen"]
[WhiteElo "999"]
[BlackElo "1499"]
[Result "0-1"]
[Round "1"]
1.d4 Ng8f6
2.c4 e6
3.Nb1c3 d5
4.Ng1f3 Nb8c6
5.e3 a6
6.Bf1d3 Bf8e7
7.O-O O-O
8.a3 Bc8d7
9.c5 b5
10.e4 dxe4
11.Nc3xe4 Nf6xe4
12.Bd3xe4 Be7f6
 { time }
0-1

[Event "Match"]
[Site "www.echecsemail.com"]
[Date "2015.07.20"]
[Round "1"]
[White "Culiflori"]
[Black "Fred59"]
[WhiteElo "999"]
[BlackElo "999"]
[Result "1-0"]
[Round "1"]
1.e4 Ng8f6
2.Nb1c3 d5
3.exd5 Nf6xd5
4.Nc3xd5 Qd8xd5
5.Ng1f3 Nb8c6
6.Bf1e2 e5
7.d3 Bc8g4
8.O-O O-O-O
9.Rf1e1 Bf8c5
10.h3 Bg4f5
11.Bc1g5 f6
12.Bg5h4 Qd5f7
13.a3 Qf7g6
14.Kh1 e4
15.Nf3d2 exd3
16.Be2xd3 Bf5xd3
17.cxd3 Qg6xd3
18.Nd2f3  { time }
1-0